The second part of King Henry IV
محفوظ في:
| المؤلف الرئيسي: | |
|---|---|
| التنسيق: | كتاب |
| اللغة: | Undetermined |
| منشور في: |
Cambridge [England],New York
Cambridge University Press
1989
|
| الموضوعات: | |
| الوسوم: |
إضافة وسم
لا توجد وسوم, كن أول من يضع وسما على هذه التسجيلة!
|
| Thư viện lưu trữ: | Trung tâm Học liệu Trường Đại học Cần Thơ |
|---|
| LEADER | 00552nam a2200193Ia 4500 | ||
|---|---|---|---|
| 001 | CTU_170028 | ||
| 008 | 210402s9999 xx 000 0 und d | ||
| 020 | |c 9.99 | ||
| 082 | |a 822.33 | ||
| 082 | |b S527 | ||
| 100 | |a Shakespeare, William | ||
| 245 | 4 | |a The second part of King Henry IV | |
| 245 | 0 | |c edited by Giorgio Melchiori | |
| 260 | |a Cambridge [England],New York | ||
| 260 | |b Cambridge University Press | ||
| 260 | |c 1989 | ||
| 650 | |a Henry IV,Vua Henry IV | ||
| 910 | |a Nguyên | ||
| 980 | |a Trung tâm Học liệu Trường Đại học Cần Thơ | ||